Veinticinco años de estadísticas económicas, 1950-1974
Furkejuvvon:
| Searvvušdahkki: | |
|---|---|
| Materiálatiipa: | Texto |
| Almmustuhtton: |
San José:
Depto. de Investigaciones y Estadísticas
|
| Fáttát: | |
| Fáddágilkorat: |
Lasit fáddágilkoriid
Eai fáddágilkorat, Lasit vuosttaš fáddágilkora!
|
MARC
| LEADER | 00000 a a2200000 04500 | ||
|---|---|---|---|
| 001 | 17218 | ||
| 003 | |||
| 040 | |||
| 090 | |a EXTRAVIADO | ||
| 110 | |a Banco Central de Costa Rica | ||
| 245 | |a Veinticinco años de estadísticas económicas, 1950-1974 | ||
| 260 | |a San José: |b Depto. de Investigaciones y Estadísticas | ||
| 300 | |a 123 p. | ||
| 650 | |a ESTADISTICAS ECONOMICAS | ||
| 999 | |c 14256 |d 14256 | ||
